[Event "Provincial Individual Huesca"]
[Site "Sabiñánigo,Alcalá,Binéfar,Bin"]
[Date "2016.10.22"]
[Round "2.7"]
[White "Vinuales Jose Antonio"]
[Black "Alsina Sergio"]
[Result "1/2-1/2"]
[WhiteElo "1724"]
[BlackElo "1881"]

1.c4 Nf6 2.Nf3 e6 3.b3 d5 4.e3 b6 5.Bb2 Bb7 6.d4 Bb4+ 7.Nbd2 Ne4 8.a3 Nxd2 9.
Nxd2 Be7 10.Nf3 Bf6 11.Bd3 Nd7 12.O-O c5 13.Qe2 O-O 14.Rfd1 Re8 15.Rac1 Qe7
16.e4 dxe4 17.Bxe4 Bxe4 18.Qxe4 cxd4 19.Nxd4 Nc5 20.Qf3 Qb7 21.Qxb7 Nxb7 22.
Ba1 a5 23.Nb5 Red8 24.Bxf6 gxf6 25.Kf1 Nc5 26.Rxd8+ Rxd8 27.b4 axb4 28.axb4
Nd3 29.Rd1 Kf8 30.c5 Ke7 (30...bxc5 31.bxc5 Rb8 $1) 31.cxb6 Nxb4 32.Rb1 Nc6 (
32...Nd5) 33.Nc7 Nb8 34.Ke2 Rd6 35.Rb3 Kd7 36.Kf3 Kc8 37.Ne8 Rd5 38.Nxf6 $4
Rf5+ 39.Ke4 Rxf6 40.f4 h5 41.Rh3 Rf5 42.Rg3 Nd7 43.Rg5 Nf6+ 44.Kf3 Rd5 45.Rg7
Rd7 46.h3 Kb7 47.g4 hxg4+ 48.hxg4 Kxb6 49.g5 Ne8 50.Rg8 Nc7 51.Rg7 Kc6 52.Ke4
Ne8 53.Rg8 Re7 (53...Nd6+) 54.Ke5 Kd7 55.Rh8 Kd8 56.f5 exf5+ 57.Kxf5 Kd7 (
57...Re1 58.Rh7 Rg1 $1 59.Rxf7 Nd6+) 58.g6 Nd6+ 59.Kf6 Ne4+ $2 (59...Re6+) 60.
Kg7 f5+ 61.Kh6 f4 62.Rf8 Ke6 63.g7 Rxg7 64.Kxg7 Ke5 65.Kg6 Nc5 66.Rf5+ Ke4 67.
Rxc5 f3 (67...Ke3 68.Re5+ $1 Kd2 69.Rf5 Ke3 70.Kg5 f3 71.Kg4 f2 72.Kg3) 68.Kg5
f2 69.Rc1 Kf3 70.Kh4 Kg2 71.Rc2 Kg1 1/2-1/2

[Event "Provincial Individual Huesca"]
[Site "Sabiñánigo,Alcalá,Binéfar,Bin"]
[Date "2016.10.22"]
[Round "2.8"]
[White "Hidalgo Andres"]
[Black "Perez Puyal Jose Joaquin"]
[Result "1-0"]
[WhiteElo "1687"]
[BlackElo "1827"]

1.c4 c6 2.Nc3 d5 3.cxd5 cxd5 4.d4 Nf6 5.Bf4 e6 6.Nf3 Bd6 7.Bg3 O-O 8.e3 Ne4 9.
Bd3 f5 10.O-O Nc6 11.a3 Bxg3 12.hxg3 Bd7 13.Rc1 Rc8 14.Na4 Qe7 15.Nc5 b6 $6 (
15...Be8) 16.Nxd7 Qxd7 17.Bb5 Qd6 (17...Qb7 18.Qa4 Nb8 19.Ne5) 18.Qa4 Na5 19.
Ne5 Rc7 20.b4 Nc4 (20...Nb7 21.Rxc7 Qxc7 22.Qxa7) 21.Bxc4 dxc4 22.Nxc4 Qc6 23.
Qxc6 Rxc6 24.Ne5 Rc3 25.Rxc3 Nxc3 26.Nc6 Kf7 27.Kh2 Kf6 28.Rc1 Nd5 29.Nxa7 Ra8
30.Nb5 h5 31.Kg1 g6 32.Kf1 Ke7 33.Ke2 Kd7 34.f3 Ke7 35.e4 fxe4 36.fxe4 Nf6 37.
Kd3 Ng4 38.Rc6 Rb8 39.Rc7+ Kf6 40.e5+ Kg5 41.Re7 Rf8 42.Nd6 Nf2+ 43.Ke2 Nh1
44.Rxe6 Rf2+ 45.Ke3 Rxg2 46.Ne4+ Kh6 47.Kf3 Ra2 48.d5 Rxa3+ 49.Kg2 Re3 50.d6
1-0

[Event "Provincial Individual Huesca"]
[Site "Sabiñánigo,Alcalá,Binéfar,Bin"]
[Date "2016.10.22"]
[Round "2.10"]
[White "Gimenez Alfonso"]
[Black "Salas Jose"]
[Result "1-0"]
[WhiteElo "1676"]
[BlackElo "1790"]

1.f4 d5 2.e3 Nf6 3.Nf3 Bg4 4.Be2 Nbd7 5.c4 c6 6.Nc3 Bxf3 7.Bxf3 e6 8.O-O Bd6
9.b3 Qc7 10.Bb2 d4 11.Ne4 Nxe4 12.Bxe4 Nf6 13.Qf3 dxe3 14.dxe3 O-O-O 15.Rad1
Kb8 (15...Qb6) 16.Rxd6 $1 Rxd6 17.c5 Rd5 (17...Nxe4) 18.Bxd5 Qa5 19.Be5+ Kc8
20.Bxc6 (20.Bxc6 bxc6 21.Qxc6+ Kd8 22.b4 $1) 1-0

[Event "Provincial Individual Huesca"]
[Site "Sabiñánigo,Alcalá,Binéfar,Bin"]
[Date "2016.10.22"]
[Round "2.11"]
[White "Puertolas Arturo"]
[Black "Buil Jose Antonio"]
[Result "1/2-1/2"]
[WhiteElo "1870"]
[BlackElo "1814"]

1.d4 d5 2.Nf3 Nd7 3.e3 Ngf6 4.c4 c6 5.Nc3 g6 6.Be2 Bg7 7.O-O O-O 8.b3 Re8 9.
Bb2 b6 10.cxd5 Nxd5 11.Rc1 Bb7 12.Nxd5 cxd5 13.Qd2 Rc8 14.Rxc8 Qxc8 15.Rc1 Qb8
16.Bb5 Rd8 17.Ba3 Bf6 18.Bc6 (18.Qb4) 18...Nf8 19.Bxb7 Qxb7 20.Qc3 Ne6 21.Ne5
h5 22.f4 Qa6 23.Bb2 Kg7 24.Qc2 Qb5 25.a4 Qa6 26.Ba3 Bxe5 $1 27.dxe5 Rd7 28.Qc8
Qxc8 29.Rxc8 Rb7 30.b4 Rc7 31.Rxc7 Nxc7 32.Bb2 1/2-1/2

[Event "Provincial Individual Huesca"]
[Site "Sabiñánigo,Alcalá,Binéfar,Bin"]
[Date "2016.10.22"]
[Round "2.12"]
[White "Sorinas Ramon"]
[Black "Martinez Carnicer Eduardo"]
[Result "0-1"]
[WhiteElo "1537"]
[BlackElo "1847"]

1.e4 c5 2.Nf3 d6 3.d4 cxd4 4.Nxd4 Nf6 5.Nc3 a6 6.Bd3 e5 7.Nde2 Be7 8.O-O O-O
9.Bg5 Be6 10.Kh1 Nc6 11.a3 Qb6 12.h3 Rad8 (12...Qxb2 13.Na4) 13.Qd2 Qc7 14.f4
exf4 15.Nxf4 Qd7 16.Rad1 Ne5 17.Nxe6 fxe6 18.Be2 Qc6 19.Bd3 Nc4 20.Bxc4 Qxc4
21.Qd3 Qxd3 22.cxd3 h6 23.Be3 Nd7 24.d4 Rxf1+ 25.Rxf1 Rf8 26.Rxf8+ Kxf8 27.Kh2
Kf7 28.Kg3 Nf6 29.e5 Nd5 30.Nxd5 exd5 31.exd6 Bxd6+ 32.Bf4 Be7 33.Kg4 Kg6 34.
Be5 h5+ 35.Kf4 $2 (35.Kf3) 35...Bg5+ 36.Kf3 Bc1 37.b3 Bxa3 38.Bc7 Kf5 39.g4+
hxg4+ 40.hxg4+ Ke6 41.Kf4 Bc1+ 42.Kf3 Kd7 43.Be5 g6 44.Ke2 Ke6 45.Kd3 Bg5 46.
Kc3 Bf6 47.Bc7 Be7 48.Be5 Bd6 49.Bg7 b6 50.Bh6 Kd7 51.Bd2 Kc6 52.Kc2 Kb5 53.
Kd3 a5 54.Kc2 Bb4 55.Bc1 Be1 56.Kd1 $6 Bc3 57.Be3 Kb4 58.Kc2 b5 59.Bf4 Bxd4
60.Bd2+ Kc5 $2 (60...Ka3 61.Bxa5 b4) 61.Bxa5 Be3 62.Kd3 Bf4 63.Bc3 Bg3 64.b4+
(64.Bf6) 64...Kd6 65.Bd4 Bf4 66.Ke2 Bg3 67.Ke3 Be1 68.Bc5+ Ke6 69.Kf4 Bd2+ 70.
Kf3 Ke5 71.Ke2 Bg5 72.Kf3 d4 73.Bf8 Kd5 74.Bg7 Be7 75.Ke2 Bxb4 76.Kd3 Bd6 77.
g5 Bc5 78.Bf6 b4 79.Kc2 Kc4 80.Kb2 d3 81.Kc1 Bd4 82.Kb1 b3 83.Kc1 b2+ 84.Kb1
d2 0-1

[Event "Provincial Individual Huesca"]
[Site "Sabiñánigo,Alcalá,Binéfar,Bin"]
[Date "2016.10.22"]
[Round "2.13"]
[White "Mendoza Pedro"]
[Black "Arrieta Steven"]
[Result "1/2-1/2"]
[WhiteElo "1570"]
[BlackElo "1579"]

1.e4 e6 2.d4 d5 3.Nd2 Nf6 4.Bd3 Be7 5.Ngf3 O-O 6.O-O Nbd7 7.e5 Ne8 8.c3 c5 9.
b3 b6 10.Bb2 Bb7 11.Re1 g6 12.Nf1 Ng7 13.Ng3 Rc8 14.Qe2 Qc7 15.Bb5 Bc6 16.Ba6
Bb7 17.Bxb7 Qxb7 18.Rec1 Rc7 19.Rc2 Rfc8 20.Rac1 a6 21.dxc5 bxc5 22.c4 Nb6 23.
cxd5 Nxd5 24.Ba3 (24.Ne4) 24...Qb5 25.Qc4 Qa5 26.Qa4 Qxa4 27.bxa4 Nb6 28.a5
Nd7 29.Ne4 Ne8 30.Ne1 Nxe5 31.Nxc5 Bxc5 32.Rxc5 Rxc5 33.Rxc5 Rxc5 34.Bxc5 Nc6
35.Bb6 Nf6 36.Nd3 Nd5 37.Nc5 Nb8 38.Ba7 Nc6 39.Bb6 Nb8 1/2-1/2

[Event "Provincial Individual Huesca"]
[Site "Sabiñánigo,Alcalá,Binéfar,Bin"]
[Date "2016.10.22"]
[Round "2.14"]
[White "Sanchez Lopez Alejandro"]
[Black "Guetas Hugo"]
[Result "0-1"]
[WhiteElo "1583"]
[BlackElo "2157"]

1.e4 c5 2.Nf3 Nc6 3.d4 cxd4 4.Nxd4 g6 5.Nc3 Bg7 6.Be3 d6 7.Be2 Nf6 8.f3 O-O 9.
Qd2 Bd7 10.O-O Rc8 11.a3 Na5 12.Rad1 a6 13.Kh1 Qc7 14.Bh6 Nc4 15.Bxc4 Qxc4 16.
Bxg7 Kxg7 17.f4 e5 18.fxe5 dxe5 19.Rxf6 $1 (19.Qg5) 19...Kxf6 (19...exd4 $1
20.Nd5 Be6 21.Rf4 Bxd5 22.exd5 Qxd5) 20.Nf3 (20.Qh6 $3 exd4 21.Nd5+ Ke6 22.Qg7
Kd6 23.Qf6+ Be6 (23...Kc5 24.Qb6#) 24.Rxd4) 20...Be6 $1 21.Qg5+ $6 (21.Qh6)
21...Kg7 22.Qxe5+ f6 {el ¢ negro está seguro ahora} 23.Qd6 Qc6 24.Qf4 Qc7 25.
Qe3 Rcd8 26.Nd4 Rfe8 27.Qf3 Qe5 28.Nxe6+ Qxe6 29.Re1 Qe5 30.Qf2 Rd4 31.g3 b5
32.Qf3 a5 33.Re3 b4 34.axb4 axb4 35.Ne2 Rxe4 36.Rxe4 Qxe4 37.Qxe4 Rxe4 38.Nf4
Rc4 39.Nd5 Rxc2 40.Nxb4 Rxb2 41.Nd3 Rd2 42.Nf4 f5 43.h4 h6 44.Kg1 g5 45.hxg5
hxg5 46.Ng2 Kf6 47.Kh2 Ke5 48.Kh3 g4+ 49.Kh2 Ke4 50.Kg1 Rxg2+ 51.Kxg2 Ke3 52.
Kh1 Kf3 53.Kh2 Kf2 0-1

[Event "Provincial Individual Huesca"]
[Site "Sabiñánigo,Alcalá,Binéfar,Bin"]
[Date "2016.10.22"]
[Round "2.17"]
[White "Mauri Senen"]
[Black "Rodriguez Avellanas Jose Manuel"]
[Result "0-1"]
[WhiteElo "1499"]
[BlackElo "1731"]

1.d4 Nf6 2.c4 d6 3.Nc3 g6 4.Bg5 Bg7 5.Nf3 O-O 6.e4 Bg4 7.Be2 Nc6 8.Qd2 Re8 9.
O-O Qc8 10.h3 Bxf3 11.Bxf3 e5 12.dxe5 Nxe5 13.Qe2 h6 14.Bh4 a6 15.Nd5 Nxd5 16.
cxd5 Nxf3+ 17.Qxf3 Bxb2 18.Rab1 Bg7 19.Qe3 c5 20.Rb6 Qc7 (20...f5) 21.Rfb1
Rab8 22.Bg3 Bf8 23.a4 Kh7 24.a5 f5 25.f3 g5 $6 26.Qd3 f4 $2 (26...fxe4) 27.e5+
Kg7 28.Be1 (28.exd6 Bxd6 29.Be1) 28...c4 29.Qf5 dxe5 30.Qg6+ $2 (30.Rg6+)
30...Kh8 31.Bb4 Bxb4 32.Qxh6+ (32.R1xb4) 32...Qh7 33.Qf6+ (33.R1xb4 Qxh6 34.
Rxh6+ Kg7 35.Rbb6) 33...Qg7 34.Qh6+ $2 Qxh6 35.Rxh6+ Kg7 36.Rb6 Bc5+ 0-1

[Event "Provincial Individual Huesca"]
[Site "Sabiñánigo,Alcalá,Binéfar,Bin"]
[Date "2016.10.22"]
[Round "2.18"]
[White "Sanclemente Angel"]
[Black "Serra Jaime"]
[Result "1-0"]
[WhiteElo "1703"]
[BlackElo "1490"]

1.d4 d5 2.c4 Nc6 3.e3 Nf6 4.Nc3 e6 5.Nf3 a6 6.cxd5 exd5 7.a3 h6 8.Bd3 Bd6 9.
Qc2 Bg4 10.Bd2 b5 $2 (10...O-O) 11.Nxb5 Qd7 12.Nxd6+ Qxd6 13.Rc1 Bd7 14.h3 O-O
15.O-O Rfe8 16.Nh4 Ne4 17.Nf3 Re6 18.Nh2 Rae8 19.Bxe4 dxe4 20.Qc5 Rg6 21.Qxd6
cxd6 22.Kh1 h5 23.f4 f5 24.Rc2 d5 25.Rfc1 Ree6 26.Nf1 Rh6 27.Be1 a5 28.Rc5 a4
29.Rxd5 Rd6 30.Rdc5 Ne7 31.Nd2 Rc6 32.Nc4 Rxc5 33.dxc5 Bb5 34.Nb6 Rg6 35.Bh4
Nc6 36.Nc8 Re6 37.Nd6 Ba6 38.Nxf5 Na5 39.Ne7+ Kh7 40.c6 Nc4 41.c7 Nb6 42.c8=Q
Bxc8 43.Nxc8 Nd5 44.Bf2 Kg8 45.Rc4 Kh7 46.Rxa4 Kh6 47.Rd4 Nf6 48.Nd6 Kh7 49.
Bh4 Nd7 50.Nxe4 Nf8 51.Ng5+ 1-0

[Event "Provincial Individual Huesca"]
[Site "Sabiñánigo,Alcalá,Binéfar,Bin"]
[Date "2016.10.20"]
[Round "2.19"]
[White "Cabos Esteban"]
[Black "Agustin Adrian"]
[Result "0-1"]
[WhiteElo "1497"]
[BlackElo "1691"]

1.c4 c5 2.d4 Nf6 3.d5 g6 4.Nc3 Bg7 5.e4 d6 6.Bd3 Ng4 7.h3 Ne5 8.f4 Nxd3+ 9.
Qxd3 f5 10.Nge2 O-O 11.Bd2 Na6 12.a3 Nc7 13.Rb1 a6 14.O-O b5 15.b3 Bd7 16.Kh1
Rb8 17.Ng1 a5 18.Rbe1 b4 19.axb4 axb4 20.Nce2 Ra8 21.Ng3 Ra2 22.e5 Ne8 23.e6
Bc8 24.Nf3 Bf6 25.h4 Ng7 26.Ng5 Bxg5 27.hxg5 Qa5 28.Bc1 Bb7 29.Re2 Ra8 30.Bb2
Qd8 31.Bxg7 $2 Kxg7 32.Rxa2 Rxa2 33.Qf3 Qh8 $1 34.Nxf5+ $5 gxf5 35.Qh5 Qf8 (
35...Qg8 $1 36.Rf3 Kf8 37.Rh3 Rb2) 36.Rf3 Qg8 37.Rh3 Kf8 38.Qh6+ Qg7 39.Qxh7
Qxh7 40.Rxh7 Bxd5 41.Rf7+ $2 (41.cxd5 c4 42.bxc4 b3 43.Rh8+ Kg7 44.Rb8) 41...
Kg8 42.cxd5 c4 43.Rxe7 (43.bxc4 Ra7) 43...cxb3 44.Re8+ Kg7 45.Re7+ (45.e7 $1
b2 46.Rg8+ Kxg8 47.e8=Q+ Kg7 48.Qe7+) 45...Kf8 46.Rf7+ Kg8 47.g6 b2 48.e7 Ra8
49.Rf6 b1=Q+ 50.Kh2 Qe4 0-1

[Event "Provincial Individual Huesca"]
[Site "Sabiñánigo,Alcalá,Binéfar,Bin"]
[Date "2016.10.22"]
[Round "2.20"]
[White "Buisac Pablo"]
[Black "Garreta Maria"]
[Result "1-0"]
[WhiteElo "1485"]
[BlackElo "1681"]

1.d4 d5 2.Nf3 Nf6 3.Bf4 Bf5 4.c4 e6 5.Qb3 Qc8 6.Nc3 c6 7.Rc1 Nbd7 8.Nh4 Bg6 9.
Nxg6 hxg6 10.h3 dxc4 11.Qxc4 Nb6 12.Qb3 Nbd5 13.Bh2 Bb4 14.a3 Ba5 15.Qc2 Bc7
16.Bxc7 Qxc7 17.e4 Nb6 18.e5 Nfd5 19.Be2 O-O 20.O-O Rfd8 21.Rfd1 Rac8 22.g3
Qe7 23.Qe4 a6 24.h4 c5 25.Nxd5 Nxd5 26.dxc5 Rxc5 27.Bd3 Rxc1 28.Rxc1 Qd7 29.
Rd1 Qc7 30.Bc2 Rd7 31.Bb3 Qc6 32.Bxd5 Rxd5 33.Rxd5 Qxd5 $2 (33...exd5) 34.Qxd5
exd5 35.f4 Kf8 36.Kf2 Ke7 37.Ke3 Ke6 38.g4 $1 f6 39.Kd4 fxe5+ 40.fxe5 g5 41.h5
b6 42.b3 b5 43.b4 1-0

[Event "Provincial Individual Huesca"]
[Site "Sabiñánigo,Alcalá,Binéfar,Bin"]
[Date "2016.10.22"]
[Round "2.21"]
[White "Torres David"]
[Black "Barbe Saturnino"]
[Result "0-1"]
[WhiteElo "1461"]
[BlackElo "1638"]

1.Nf3 d5 2.c4 c6 3.d4 Nf6 4.Bf4 dxc4 5.e3 b5 6.a4 Qa5+ 7.Nbd2 Qb4 8.axb5 cxb5
9.g3 Bf5 10.Bxb8 Rxb8 11.Rxa7 $2 (11.Bg2 Qxb2 12.Ne5) 11...Qxb2 12.Ne5 c3 13.
Nb3 Be4 (13...c2 14.Bxb5+ Bd7 $1 (14...Rxb5 15.Ra8+)) 14.Bxb5+ Rxb5 15.f3 Rxb3
$2 (15...c2) 16.Qxb3 (16.fxe4 Qd2+ 17.Qxd2 cxd2+ 18.Ke2 $1) 16...Qxb3 17.fxe4
Qb1+ 18.Ke2 Qxe4 (18...Qxh1 19.Ra8#) 19.Rb1 0-1

[Event "Provincial Individual Huesca"]
[Site "Sabiñánigo,Alcalá,Binéfar,Bin"]
[Date "2016.10.22"]
[Round "2.22"]
[White "Pano Ernesto"]
[Black "Torres Antonio"]
[Result "0-1"]
[WhiteElo "1627"]
[BlackElo "1469"]

1.e4 c5 2.Nf3 Nc6 3.g3 Nf6 4.d3 d5 5.exd5 Nxd5 6.Bg2 g6 7.O-O Bg7 8.Re1 O-O 9.
Bg5 $4 (9.Nbd2) 9...Bxb2 10.Bh6 Re8 11.Nbd2 Nc3 0-1

[Event "Provincial Individual Huesca"]
[Site "Sabiñánigo,Alcalá,Binéfar,Bin"]
[Date "2016.10.29"]
[Round "3.1"]
[White "Garreta Blas"]
[Black "Lafarga David"]
[Result "0-1"]
[WhiteElo "1820"]
[BlackElo "2203"]

1.f4 d5 2.Nf3 g6 3.e3 Bg7 4.Bb5+ c6 5.Be2 Nf6 6.O-O O-O 7.b3 Ne4 8.Ne5 Nd7 9.
Bb2 f6 $5 10.Nxd7 Bxd7 11.d3 Nd6 12.Nd2 (12.c4) 12...Qb6 13.Bd4 (13.Rf3 e5 $1)
13...c5 14.Bb2 Bc6 $6 (14...Nf5 $1 15.Rf3 e5 16.g4 Nh6) 15.Bg4 $1 e5 16.fxe5
fxe5 (16...f5 $5) 17.Be6+ Kh8 18.c4 d4 19.Qe2 Qc7 (19...e4 $5) 20.e4 Qe7 21.
Qg4 Rfe8 (21...Bh6 22.Nf3 Rf6 23.Bd5 Bd7 24.Qg3 Bf4 25.Qe1 Bg4) 22.Bd5 Bd7 23.
Qg3 Bh6 24.Nf3 Bf4 25.Qe1 Bg4 26.Bc1 (26.Nxd4 $1 {con idea de} 26...cxd4 27.
Rxf4 $3 {Stockfish}) 26...Bxc1 27.Rxc1 Bxf3 28.Rxf3 Rf8 29.Qg3 Rxf3 30.gxf3
Rf8 31.h4 $5 Rf4 (31...Ne8) 32.h5 Qg7 33.Kf2 (33.hxg6 Rf6) 33...g5 $1 (33...
gxh5 34.Rg1 Qxg3+ 35.Rxg3 Nf7 36.Bxf7 Rxf7 37.Rg5 Re7 38.Rxh5 b6 (38...Kg7 39.
f4)) 34.Be6 Qf6 35.Bg4 h6 (35...Rxe4 $1) 36.Ke2 Qd8 37.Be6 Qe7 38.Bg4 Kg7 39.
Qe1 Ne8 40.Qa5 b6 41.Qb5 Rf7 42.Bf5 Nd6 43.Qc6 Rf6 (43...Nxf5 44.exf5 (44.Qg6+
Kh8 45.exf5 Rf6) 44...Qf6 (44...Rxf5 $4 45.Qg6+)) 44.Qd7 $2 (44.Bg4 Nxc4)
44...Nxf5 45.Qc8 Nd6 46.Qb8 Rf8 47.Qxf8+ 0-1

[Event "Provincial Individual Huesca"]
[Site "Sabiñánigo,Alcalá,Binéfar,Bin"]
[Date "2016.10.29"]
[Round "3.2"]
[White "Barranco Fernando"]
[Black "Aribau Miguel Angel"]
[Result "1/2-1/2"]
[WhiteElo "1759"]
[BlackElo "2052"]

1.c4 Nf6 2.Nc3 g6 3.g3 Bg7 4.Bg2 O-O 5.Nf3 d6 6.O-O c6 7.d3 Nbd7 8.Bd2 e5 9.
Qc1 Re8 10.Ng5 Qe7 11.Rb1 h6 12.Nge4 Nxe4 13.Nxe4 f5 14.Nc3 Kh7 15.b4 Nf6 16.
b5 e4 17.Be3 Ng4 18.d4 $2 (18.dxe4 fxe4 19.Bf4 (19.Nxe4 $2 Bf5)) 18...Qf6 19.
Rd1 Be6 20.bxc6 bxc6 21.Na4 Nxe3 22.fxe3 Rab8 23.Qc2 h5 24.Kf2 Bh6 25.Rxb8
Rxb8 26.d5 Bd7 27.Qc3 Qe7 28.Qa3 c5 29.Nb2 Bg7 30.Rd2 h4 31.Rc2 hxg3+ 32.hxg3
Be5 33.Kf1 Bc8 34.Nd1 Rb1 35.Ke1 Bxg3+ 36.Kd2 Be5 37.Rc1 Rb4 38.Rc2 a6 39.Nf2
Qg5 40.Rc1 Qxg2 41.Rh1+ Kg7 (41...Bh2) 42.Qa5 Rb2+ 43.Kc1 Rb7 44.Qd8 Kf7 $2 (
44...Bh2 $1 {única para ganar pero suficiente}) 45.Qxc8 Re7 46.Rh7+ Bg7 47.Qh8
Kf6 48.Qd8 Qg5 49.Qxd6+ Kf7 50.Kd2 Qf6 51.Qxf6+ Kxf6 52.Nh3 Rb7 53.Nf4 g5 54.
Nh5+ Kg6 55.Rxg7+ Rxg7 56.Nxg7 Kxg7 57.Ke1 Kf6 58.Kf2 Ke7 59.Kg3 1/2-1/2

[Event "Provincial Individual Huesca"]
[Site "Sabiñánigo,Alcalá,Binéfar,Bin"]
[Date "2016.10.29"]
[Round "3.3"]
[White "Hidalgo Andres"]
[Black "Citoler Adriano"]
[Result "1-0"]
[WhiteElo "1687"]
[BlackElo "1898"]

1.Nf3 d5 2.d4 Nf6 3.c4 e6 4.Nc3 dxc4 5.e3 a6 6.Bxc4 b5 7.Bd3 c5 8.O-O Bb7 9.
dxc5 Bxc5 10.a3 Nbd7 11.b4 Be7 12.Bb2 O-O 13.Rc1 Rc8 14.Nd2 Ne5 15.Be4 Nxe4
16.Ncxe4 Rxc1 17.Qxc1 Nd3 18.Qc3 Nxb2 19.Qxb2 Qd5 20.f3 Qd3 (20...f5 $1 21.Nf2
Bf6) 21.Qc3 Qxc3 22.Nxc3 Rc8 23.Ndb1 Kf8 24.Rc1 Bf6 25.e4 h5 26.Kf2 h4 27.Ne2
Bd4+ 28.Kf1 Rxc1+ 29.Nxc1 Ke7 30.Nb3 Be5 31.Nc5 Bc8 32.h3 Kd6 33.Ke2 Bd4 34.
Nd3 f5 35.Nd2 g5 36.Nb3 Bb6 37.Nbc5 a5 38.Kd2 axb4 39.axb4 Bd8 40.Ke3 Bf6 41.
Kd2 Bd4 42.Ke2 Bc3 43.Ke3 Bxb4 (43...f4+) 44.Nxe6 Bxe6 45.Nxb4 Kc5 46.Nd3+ Kc4
47.f4 g4 $4 (47...fxe4 48.Kxe4 Bd5+) 48.exf5 Bxf5 49.Ne5+ Kc3 (49...Kd5 $1)
50.hxg4 Be6 51.f5 Bd5 52.f6 b4 53.f7 Bxf7 54.Nxf7 b3 55.Nd6 b2 56.Ne4+ Kc4 57.
Nd2+ Kd5 58.Kf4 1-0

[Event "Provincial Individual Huesca"]
[Site "Sabiñánigo,Alcalá,Binéfar,Bin"]
[Date "2016.10.29"]
[Round "3.4"]
[White "Rodriguez Leiva Manuel"]
[Black "Gimenez Alfonso"]
[Result "1-0"]
[WhiteElo "1957"]
[BlackElo "1676"]

1.c4 e6 2.Nc3 Nf6 3.e4 Nc6 4.Nf3 d5 5.e5 Ne4 6.Be2 Be7 7.O-O Ng5 (7...O-O) 8.
Nxg5 Bxg5 9.f4 Bh4 10.cxd5 exd5 11.d4 Bf5 12.Be3 Nb4 (12...Qd7 13.Bf3 Nb4 14.
Rc1 c6) 13.Rc1 h6 14.a3 Na6 15.Qb3 Rb8 16.Qxd5 O-O 17.b4 c6 18.Qxd8 Rfxd8 19.
g3 Be7 20.g4 Bd7 21.d5 Bh4 22.dxc6 Bc8 23.Bxa6 bxa6 24.c7 Bxg4 25.cxb8=Q Rxb8
26.Bf2 Be7 27.Nd5 Bd8 28.Bxa7 Rb7 29.Bc5 Rd7 30.Ne3 Be2 31.Rf2 Bh5 32.Rcc2 Bh4
33.Rfd2 Rb7 34.Bd6 g5 35.f5 g4 36.Rc8+ Kh7 37.Rdc2 Bg5 38.Kf2 Bf4 39.Nf1 Bg5
40.Ng3 Bh4 41.Kg2 Bxg3 42.hxg3 Rb5 43.Bc5 a5 44.Rd2 axb4 45.axb4 Rb7 46.Rdd8
1-0

[Event "Provincial Individual Huesca"]
[Site "Sabiñánigo,Alcalá,Binéfar,Bin"]
[Date "2016.10.29"]
[Round "3.5"]
[White "Martinez Carnicer Eduardo"]
[Black "Pellicer Jose Luis"]
[Result "1/2-1/2"]
[WhiteElo "1847"]
[BlackElo "1969"]

1.e4 e6 2.d3 c5 3.Nf3 Nc6 4.g3 g6 5.Bg2 Bg7 6.O-O Nge7 7.c3 d6 8.Re1 O-O 9.
Nbd2 b5 10.Nf1 Rb8 11.d4 cxd4 12.cxd4 d5 13.e5 Nf5 (13...Qb6 14.Ne3 Ba6 $5)
14.Ne3 Nxe3 15.Bxe3 Bd7 16.Qd2 Qa5 17.Qxa5 Nxa5 18.b3 Rfc8 19.Rac1 Nc6 20.Bd2
Bf8 $1 21.Bf1 Nb4 22.Bxb4 Bxb4 23.Red1 Ba3 24.Rxc8+ Rxc8 25.Bd3 a5 26.Kg2 Rc3
27.Rd2 b4 28.Ne1 a4 29.bxa4 Bxa4 30.Bc2 Bxc2 31.Rxc2 Rc4 32.Rd2 Bc1 33.Rc2 f6
(33...Bh6 $1) 34.exf6 Kf7 35.Kf1 Ba3 36.Ke2 Rxd4 37.Rc7+ Kxf6 38.Rxh7 Rc4 39.
Rb7 Bb2 40.h3 Bc3 41.Nc2 Ke5 42.f3 Kd6 43.Rb6+ Ke7 44.Kd3 Kf6 45.h4 Be5 46.Ne3
Rc3+ 47.Ke2 Rc5 48.Ng4+ Kf5 49.Nxe5 Kxe5 50.Rxb4 Rc2+ 51.Ke3 Rxa2 52.Rb3 Rg2
53.f4+ Kf6 54.Kf3 Rh2 55.Rd3 Ra2 56.g4 Ra4 57.Ke3 Re4+ 58.Kf3 Re1 59.Kf2 Rh1
60.Kg3 Rg1+ 61.Kf3 1/2-1/2

[Event "Provincial Individual Huesca"]
[Site "Sabiñánigo,Alcalá,Binéfar,Bin"]
[Date "2016.10.29"]
[Round "3.6"]
[White "Alsina Sergio"]
[Black "Chesa Aurelio"]
[Result "1-0"]
[WhiteElo "1881"]
[BlackElo "1747"]

1.e4 c5 2.c3 g6 3.d4 cxd4 4.cxd4 d5 5.Nc3 Bg7 6.exd5 Nf6 7.Bc4 O-O 8.Nge2 Nbd7
9.d6 exd6 10.O-O Nb6 11.Bb3 d5 12.Bg5 Be6 (12...h6 13.Bh4 Re8 14.Re1 Bg4 15.f3
Bf5) 13.Nf4 h6 14.Nxe6 fxe6 15.Bf4 Ne4 16.Qg4 Nxc3 17.bxc3 Qf6 18.Bd6 Qf5 19.
Qe2 Rfd8 20.Bc7 Rdc8 21.Bxb6 axb6 22.c4 Bxd4 23.Rad1 e5 24.cxd5 Kg7 25.Rd3 Rc7
(25...Rf8) 26.d6 Rd7 27.Rf3 Qg5 28.Qc4 (28.Be6) 28...h5 29.Ba4 Rxa4 30.Qxa4
Rxd6 31.Qe8 Rd8 32.Qf7+ Kh6 33.Qxb7 Qg4 34.Rf7 e4 35.h3 Qe6 36.Re7 Qxa2 37.
Rh7+ Kg5 38.h4+ Kf5 39.Rf7+ Kg4 40.Qxe4# 1-0

[Event "Provincial Individual Huesca"]
[Site "Sabiñánigo,Alcalá,Binéfar,Bin"]
[Date "2016.10.29"]
[Round "3.7"]
[White "Buisan Pedro"]
[Black "Vinuales Jose Antonio"]
[Result "1-0"]
[WhiteElo "1745"]
[BlackElo "1724"]

1.d4 e6 2.Nf3 c5 3.e3 cxd4 4.exd4 Nf6 5.Bd3 Be7 6.Bf4 b6 7.Nbd2 O-O 8.h3 d6 9.
O-O Bb7 10.c3 Nbd7 11.Nc4 Qc7 12.Re1 b5 (12...Be4 $1) 13.Ncd2 a6 14.Rc1 Qa5
15.a3 Nb6 16.c4 bxc4 17.Nxc4 Nxc4 18.Bxc4 Qf5 19.Bh2 Rfc8 20.Qe2 Bxf3 21.Qxf3
Qxf3 22.gxf3 a5 23.Bb5 Nd5 $6 (23...g6) 24.Bc6 Ra7 $2 (24...Rab8) 25.Bxd5 Rxc1
26.Rxc1 exd5 27.Rc8+ Bf8 28.Bxd6 h6 29.Bxf8 Kh7 30.b4 axb4 31.axb4 Ra1+ 32.Kg2
Rb1 33.Rd8 1-0

[Event "Provincial Individual Huesca"]
[Site "Sabiñánigo,Alcalá,Binéfar,Bin"]
[Date "2016.10.29"]
[Round "3.8"]
[White "Guetas Hugo"]
[Black "Agustin Adrian"]
[Result "1-0"]
[WhiteElo "2157"]
[BlackElo "1691"]

1.e4 c5 2.Nf3 d6 3.d4 cxd4 4.Nxd4 Nf6 5.Nc3 a6 6.h3 e6 7.g4 Be7 8.Bg2 Qc7 9.
Be3 Nc6 10.g5 Ng8 $2 (10...Nd7 11.h4 Nde5 12.Qe2 b5) 11.f4 Bd7 12.Qe2 g6 13.
Qf2 O-O-O 14.Nxc6 Qxc6 15.Bd4 e5 16.fxe5 dxe5 17.Bxe5 f6 18.Bg3 Qc5 19.Qf4 Be6
20.Qb8+ Kd7 21.O-O-O+ Ke8 22.Rxd8+ Bxd8 23.Rd1 Bc8 24.Nd5 Ne7 25.Nxf6+ Kf7 26.
Rf1 Qxg5+ 27.Kb1 Nf5 28.exf5 Bxf6 29.Bd5+ Kg7 30.Qc7+ 1-0

[Event "Provincial Individual Huesca"]
[Site "Sabiñánigo,Alcalá,Binéfar,Bin"]
[Date "2016.10.29"]
[Round "3.9"]
[White "Barbe Saturnino"]
[Black "Fuentes Juan Antonio"]
[Result "0-1"]
[WhiteElo "1638"]
[BlackElo "1987"]

1.d4 c5 2.e3 Nf6 3.c4 cxd4 4.exd4 g6 5.Nc3 Bg7 6.Nf3 O-O 7.Be2 (7.d5) 7...d5
8.cxd5 Nxd5 9.O-O Nc6 10.Nxd5 Qxd5 11.Be3 Rd8 12.Qd2 Bf5 13.Rfd1 Rac8 14.Rac1
Qxa2 15.Bc4 Qa5 16.Qxa5 Nxa5 17.Ba2 Rxc1 18.Rxc1 Nc6 19.Re1 Nb4 20.Bb3 Nd3 21.
Re2 Bg4 22.Rd2 Bxf3 23.Rxd3 Bd5 24.Bd1 Rc8 25.Ra3 a6 26.Rc3 Rxc3 27.bxc3 b5
28.Kf1 e5 29.Bf3 Bxf3 30.gxf3 exd4 31.cxd4 Kf8 32.Ke2 Ke7 33.Kd3 Kd6 34.Kc3
Kd5 35.h3 a5 0-1

[Event "Provincial Individual Huesca"]
[Site "Sabiñánigo,Alcalá,Binéfar,Bin"]
[Date "2016.10.29"]
[Round "3.10"]
[White "Miret Cesar"]
[Black "Puertolas Arturo"]
[Result "1/2-1/2"]
[WhiteElo "1569"]
[BlackElo "1870"]

1.d4 d5 2.Nf3 c6 3.c3 e6 4.Bf4 f5 5.h3 Nf6 6.e3 Be7 7.Nbd2 O-O 8.Be2 Ne4 9.O-O
Nd7 10.c4 Ndf6 11.cxd5 exd5 12.a3 Nxd2 13.Nxd2 Ne4 14.Nxe4 fxe4 15.Bg4 Bf6 16.
Rc1 Qe7 17.b4 Be6 18.Bxe6+ Qxe6 19.Bg3 Be7 20.Rc3 Rfc8 21.Qh5 g6 22.Qh6 Qf5 (
22...a5 $5) 23.Be5 Bf6 24.f4 Rf8 25.g4 Qd7 26.Bxf6 Rxf6 27.Rfc1 Raf8 28.a4 Qd6
29.b5 Qb4 30.bxc6 Rxc6 31.Rxc6 bxc6 32.Rxc6 Qe1+ 33.Kg2 Qe2+ 34.Kh1 Qf3+
1/2-1/2

[Event "Provincial Individual Huesca"]
[Site "Sabiñánigo,Alcalá,Binéfar,Bin"]
[Date "2016.10.29"]
[Round "3.11"]
[White "Perez Puyal Jose Joaquin"]
[Black "Arrieta Steven"]
[Result "1/2-1/2"]
[WhiteElo "1827"]
[BlackElo "1579"]

1.d4 d5 2.Nf3 Nf6 3.e3 Bg4 4.c4 c6 5.Qb3 Qc7 6.Ne5 Bf5 7.Nc3 e6 8.Be2 Bd6 9.f4
(9.g4 $5 Bg6 10.f4) 9...Nbd7 10.cxd5 exd5 11.Bd2 O-O 12.Rc1 a6 13.Bf3 Qb6 14.
Qxb6 Nxb6 15.h3 Bxe5 16.fxe5 Nfd7 17.b3 f6 18.exf6 Nxf6 19.O-O Bd3 20.Rfe1
Rae8 21.Nd1 Be4 22.Bb4 Rf7 23.Nf2 Nbd7 24.Re2 Nf8 25.Rf1 Ng6 26.Bxe4 Nxe4 27.
Nxe4 Rxf1+ 28.Kxf1 Rxe4 29.g3 Ne7 30.Bxe7 Rxe7 31.Kg2 Re4 32.Kf3 g6 33.Rf2 Kg7
34.b4 Re6 35.Ke2 Rf6 36.Rf4 g5 37.Rxf6 Kxf6 38.g4 b5 39.Kf3 h6 40.e4 Ke6
1/2-1/2

[Event "Provincial Individual Huesca"]
[Site "Sabiñánigo,Alcalá,Binéfar,Bin"]
[Date "2016.10.29"]
[Round "3.12"]
[White "Salas Jose"]
[Black "Mendoza Pedro"]
[Result "1/2-1/2"]
[WhiteElo "1790"]
[BlackElo "1570"]

1.c4 c5 2.Nc3 Nc6 3.e4 e6 4.Nf3 Nge7 5.d4 cxd4 6.Nxd4 Nxd4 7.Qxd4 Nc6 8.Qe3 b6
9.Be2 Bc5 10.Qg3 Qf6 11.O-O Qg6 12.Bf4 Qxg3 13.Bxg3 Ke7 14.Rad1 f6 15.a3 a5
16.Nb5 h5 17.Bd6+ $1 Bxd6 18.Nxd6 e5 19.Nb5 g6 20.Rd2 Rb8 21.Rfd1 Rb7 22.Rd5
Rg8 23.b3 Rh8 24.c5 (24.g4 hxg4 25.Bxg4 ...26.Nd6) 24...Nd4 25.Nxd4 exd4 26.
Bc4 b5 27.Be2 b4 28.a4 Rc7 29.Bb5 Bb7 30.R5xd4 Rd8 31.f3 Bc6 32.Bxc6 Rxc6 33.
Rd5 Rc7 34.c6 Rxc6 35.Rxa5 Rc3 36.Rb1 Rb8 37.Rd5 Ke6 38.Rd4 Rc2 39.Rbd1 Rb7
40.R1d2 Rc1+ 41.Kf2 Ra1 42.Ke3 Ra3 43.Rd6+ Ke7 44.R6d3 Ke6 45.Rb2 Rc7 46.Kd2
Ke5 47.Rc2 $2 (47.Rd5+ Ke6 48.Rb5) 47...Rxc2+ 48.Kxc2 Ra2+ 49.Kb1 Rxg2 50.Rxd7
Rxh2 51.a5 Rh1+ 52.Kb2 Rh2+ 1/2-1/2